[Event "Olympiad-41"]
[Site "Tromsoe"]
[Date "2014.08.11"]
[Round "9.4"]
[White "Mphungu, Gerrard"]
[Black "Altaye, Girum Teklewold"]
[Result "1-0"]
[WhiteElo "1930"]
[BlackElo "1960"]
[PlyCount "89"]
[EventDate "2014.08.02"]
[EventType "team-swiss"]
[EventRounds "11"]
[EventCountry "NOR"]
[SourceTitle "CBM 162"]
[Source "ChessBase"]
[SourceDate "2014.09.17"]
[SourceVersion "1"]
[SourceVersionDate "2014.09.17"]
[SourceQuality "1"]
[WhiteTeam "Malawi"]
[BlackTeam "Ethiopia"]
[WhiteTeamCountry "MWI"]
[BlackTeamCountry "ETH"]

1. d4 d5 2. c4 e6 3. Nc3 Nf6 4. Bg5 Be7 5. e3 0-0 6. Nf3 Re8 7. Rc1 h6 8. Bf4 c6 9. Bd3 dxc4 10. Bxc4 Bd6 11. Bxd6 Qxd6 12. 0-0 Nbd7 13. Qc2 e5 14. Qb3 Re7 15. Rfd1 e4 16. Nd2 Nb6 17. Be2 Be6 18. Qc2 Bd5 19. Nxd5 Qxd5 20. b4 Qg5 21. Qc5 Nbd5 22. a4 Re6 23. b5 Ng4 24. Bxg4 Qxg4 25. bxc6 bxc6 26. Nc4 Rg6 27. g3 Qh3 28. Ne5 Re6 29. Nxc6 Nf6 30. Ne7+ Rxe7 31. Qxe7 Ng4 32. Qh4 Qxh4 33. gxh4 Rb8 34. Rb1 Rc8 35. Rdc1 Rd8 36. Rb7 Rd5 37. Rc5 Rd6 38. h3 Nf6 39. Rxa7 Nd5 40. a5 Nb4 41. Rf5 Nd3 42. Rfxf7 Ne1 43. Rxg7+ Kf8 44. Rgd7 Nf3+ 45. Kh1 1-0